000
00360nam a2200157Ia 4500
008
221030s9999 xx 000 0 und d
020
_a
0070616817
041
_a
English
082
_a
105.23
100
_a
ISRD
245
0
_a
Basics of OS, UNIX & Shell Programming
260
_b
TMH
_a
New Delhi
_c
2009
300
_a
304
650
_a
BE Computer
942
_c
BK
999
_c
6492
_d
6492